Statistics for 都バス(江東営業所管内)のバス停

Click here to take the quiz!

General Stats

  • This quiz has been taken 2 times
  • The average score is 71 of 188

Answer Stats

系統バス停% Correct
急行05 | 東22 | 直行03 | +2 others錦糸町駅
100%
木場駅
100%
大島駅
100%
新木場駅
100%
夢の島
100%
新東京郵便局
100%
東陽町駅
100%
日本科学未来館
100%
亀戸駅
100%
森下駅
100%
越中島
100%
西大島駅
100%
南砂町駅
100%
門前仲町
100%
南砂六
50%
江東高齢者医療センター
50%
江東車庫
50%
北砂七
50%
江東図書館入口
50%
城東特別支援学校
50%
亀戸六
50%
袖ヶ浦
50%
茅場町
50%
住吉駅
50%
千田
50%
陽20東大島駅
50%
日本橋
50%
東京駅丸の内北口
50%
柳島
50%
押上
50%
都営両国駅
50%
清澄白河駅
50%
深川一
50%
勝どき駅
50%
豊海水産埠頭
50%
直行02東京駅八重洲口
50%
旧葛西橋
50%
亀高橋
50%
国際展示場駅
50%
木場二
50%
亀戸一
50%
亀戸駅通り
50%
大島一
50%
北砂三
50%
北砂二
50%
境川
50%
南砂三
50%
日曹橋
50%
東京ビッグサイト東棟
50%
東京国際クルーズターミナル駅
50%
テレコムセンター駅
50%
江東運転免許試験場
50%
東陽三
50%
亀島橋
50%
不動尊
50%
富岡一
50%
石原一
0%
高橋
0%
がん研有明病院
0%
千歳三
0%
緑一
0%
東砂六
0%
東駒形一
0%
本所一
0%
清澄庭園
0%
吾妻橋一
0%
本所吾妻橋
0%
とうきょうスカイツリー駅入口
0%
国際展示場駅入口
0%
十間橋
0%
東砂六北
0%
新砂三アパート
0%
福神橋
0%
平野一
0%
深川二
0%
東砂五
0%
門前仲町二
0%
第七砂町小
0%
月島駅
0%
月島三
0%
月島第一小
0%
五ノ橋
0%
勝どき三
0%
新島橋
0%
豊海区民館入口
0%
東砂三
0%
東砂二
0%
新砂二
0%
東京地下鉄総合運動場
0%
亀戸四
0%
錦糸堀
0%
学校通り
0%
江東高齢者医療センター入口
0%
元八幡
0%
東砂四
0%
東陽操車所
0%
東部療育センター
0%
北砂五
0%
北砂六
0%
大島五
0%
南砂町駅入口
0%
東京港湾合同庁舎
0%
竪川大橋北詰
0%
日本科学未来館前
0%
水神森
0%
毛利二
0%
福島橋
0%
青海駅
0%
猿江二
0%
扇橋二
0%
東京ビッグサイト駅
0%
千石二
0%
豊住橋
0%
第五大島小
0%
佐賀一
0%
永代橋
0%
新川一
0%
南砂三みどり団地
0%
兜町
0%
新砂一
0%
呉服橋
0%
永代二
0%

Score Distribution

Percentile by Number Answered

Percent of People with Each Score

Your Score History

You have not taken this quiz